Statistics for Countries With Most Wikipedia Traffic

Click here to take the quiz!

General Stats

  • This quiz has been taken 89 times
  • The average score is 2 of 5

Answer Stats

Answer% Correct
Germany
85%
Brazil
53%
United States
32%
Indonesia
22%
Turkey
22%

Score Distribution

Percentile by Number Answered

Percent of People with Each Score

Your Score History

You have not taken this quiz